20 Closest sets of 4 Capital Cities - Statistics

General Stats
  • This quiz has been taken 191 times
  • The average score is 52 of 80
Answer Stats
ANSWER % Correct
Paris.T
98%
Amsterdam.H
95%
Brussels.R
94%
Roma.M
94%
London.S
93%
Vienna.S
92%
Budapest.G
91%
Bucharest.B
90%
Prague.S
90%
Warsaw.S
90%
Bratislava.B
89%
Bern.B
88%
Riga.R
88%
Kiev.B
87%
San Marino.M
87%
Vatican City.P
87%
Minsk.P
86%
Monaco.G
86%
Vilnius.R
86%
Zagreb.T
86%
Belgrade.B
84%
Sarajevo.C
84%
Helsinki.M
83%
Sofia.F
83%
Tallinn.V
83%
Jerusalem.S
79%
Ljubljana.B
79%
Pristina.B
79%
Tirana.J
79%
Podgorica.A
78%
Skopje.D
78%
Stockholm.S
78%
Vaduz.S
78%
Beirut.C
75%
Damascus.K
75%
Amman.B
72%
Guatemala City.B
67%
Kuwait City.L
64%
San Salvador.L
64%
Baku.D
61%
Doha.B
61%
Yerevan.T
61%
Riyadh.V
60%
Tehran.K
60%
Tbilisi.I
58%
Tegucigalpa.P
58%
Accra.B
57%
Belmopan.A
56%
Manama.P
56%
Freetown.Y
55%
Lome.D
53%
Bissau.M
52%
Kampala.T
52%
Pretoria.R
52%
Kigali.Y
50%
Conakry.S
49%
Dodoma.T
47%
Port-of-Spain.L
47%
Tashkent
47%
Kabul
46%
Islamabad
45%
Banjul.L
44%
Bujumbura.B
44%
Saint George's.Z
43%
Kingstown.V
42%
Ouagadougou.K
42%
Roseau.O
42%
Maseru.K
41%
Saint John's.Y
41%
Basseterre.A
40%
Bridgetown.B
40%
Castries.B
40%
Dushanbe
40%
Mbabane.M
39%
Yaounde.W
38%
Gaborone.D
37%
Libreville.K
37%
Yamoussoukro.K
36%
Malabo.M
31%
Sao Tome.V
30%
No matching quizzes found
Score Distribution
Percent of People with Each Score
Percentile by Number Answered
Your Score History
You have not taken this quiz